000 00293nam a2200121Ia 4500
100 _aWebster & Associates
942 _cBK
654 _aWord for 6 windows
245 _aWord 6 for Windows : Visual quick guide
260 _bGalgotia
_aNew Delhi
_c1994
546 _aENGLISH
999 _c22774
_d22774